000 00849nam a2200277Ia 4500
001 Para_3633
003 CHAP
008 220125s1939 xx 000 0 und d
010 _a202204
040 _cCHAP
090 _aPA FOLLETO 1233
100 _aBaver, L. D
_9167279
245 _aRapid soil tests for estimating the fertility needs of Missouri soils /
_c L. D. Baver and F. H. BRUNER
260 _aLafayette, Missouri :
_b Agricultural Experiment Station
300 _a16 p.
440 _aMissouri. Agri. Exp. Sta., Bull.; 404
_9167280
650 _aSuelos
_x AnĂ¡lisis Suelos
_x Fertilidad
_9167281
700 _aBruner, F. H.
_915776
901 _aPA FOLLETO 1233
902 _aA
905 _a0000001939 LAF 0000000000 00
910 _a1939
942 _cPARA
942 _cPARA
_d1
999 _c202204
_d202204